000 02125cam a22004574i 4500
003 PE-LiUPU
005 20250731172711.0
008 150617s r 000 0 d
035 _a(Sirsi) a10469
040 _aPE-LiUPU
_bspa
_cPE-LiUPU
_erda
049 _aPRUA
082 0 4 _a248.4
_bS62
_221
100 1 _aMarion, J.,
_eautor.
245 1 0 _aEnseñame el camino /
_cJ. Marion.
264 1 _aMichigan :
_bEl comité de Educación de la Iglesia Cristiana Reformada,
_c1972.
300 _a190 páginas ;
_c23 cm.
336 _atext
_2rdacontent
337 _aunmediated
_2rdamedia
338 _avolume
_2rdacarrier
505 0 _aCómo nos dió Dios la biblia -- El gran amor de Dios -- El plan de la creación -- El plan de Dios para nuestra vida -- Tu eres hijo del rey -- Los ángeles son los ayudantes de Dios -- Lo que hemos aprendido-repaso -- Somos pecadores -- Dios promete que venceremos al pecado -- De un palacio a una cuna -- el rey se humilla -- Nuestro admirable salvador Jesucristo -- Jesús es coronado rey -- Dos caminos-repaso -- Viviendo para Jesús -- La ley de Dios es perfecta -- Amarás a ti Dios -- Señor, enseñanos a orar -- El camino que lleva al agradecimiento -- Sea hecha tu voluntad -- Los oficiales del rey -- El bautismo -- ¿Qué significa la cena del señor? -- ¿Qué ocurre al morir? -- El día final -- Sí señor, creo-repaso.
526 _aSEG42
526 _aSEG41
526 _aSEG40
526 _aSEG39
526 _aP94
526 _aP87
526 _aP86
526 _aP85
526 _aP77
526 _aP76
526 _aP35
650 0 4 _aVIDA CRISTIANA.
700 1 _aSpykman, Gordon J.
910 _ajck
_bjvq
_cjck
_d20150616
942 _2ddc
_cBOOK
949 _a248.4 S62
_wDEWEY
_c1
_i21090
_lCCODEBUL1
_mBUL
_p00.00
_r0
_sY
_tBOOK
_u19811009
_xTEOLOGIA
_PP35
_0COMPRA
_o.STAFF. Colección General
994 _aC0
_bPEPRU
596 _a1
999 _a248.4 S62
_wDEWEY
_c519
_i21090
_f2021-11-11
_g5
_lCCODEBUL1
_mBUL
_r0
_sY
_tBOOK
_u2015-6-17
_xTEOLOGIA
_PP35
_0COMPRA
_o.STAFF. Colección General
_d519
980 _81
_gALBERTO SANCHEZ Responsable de Automatización